[Event "Lvov Ukrainian Chess Warriors"]
[Site "Lvov"]
[Date "2024.03.15"]
[Round "6"]
[White "Mikhaletz, Lubomir"]
[Black "Pavlov, Sergey1"]
[Result "0-1"]
[WhiteElo "2278"]
[BlackElo "2451"]
[PlyCount "124"]
[EventDate "2024.03.15"]
[EventType "swiss (rapid)"]
[EventRounds "8"]
[EventCountry "UKR"]
[SourceTitle "CB12_2024"]
[SourceDate "2023.10.01"]
[SourceVersion "1"]
[SourceVersionDate "2023.10.01"]
[SourceQuality "1"]

1. d4 d5 2. Nf3 Nf6 3. g3 Bf5 4. Bg2 e6 5. c4 c6 6. Qb3 Qb6 7. c5 Qa6 8. Nc3 Nbd7 9. Nh4 Bg4 10. h3 Bh5 11. g4 Bg6 12. Nxg6 hxg6 13. g5 Ng8 14. e4 0-0-0 15. exd5 exd5 16. Nxd5 cxd5 17. Bxd5 Ne7 18. Bxf7 Nf5 19. Be3 Qa5+ 20. Qc3 Qxc3+ 21. bxc3 Nxe3 22. fxe3 Be7 23. Bxg6 Bxg5 24. Ke2 Nf6 25. Rhg1 Bh6 26. e4 Kc7 27. Kd3 Rhf8 28. Raf1 Nd7 29. Kc4 b6 30. cxb6+ axb6 31. Rf5 Rxf5 32. Bxf5 Ra8 33. Kb3 b5 34. Rg6 Nb6 35. Be6 Rf8 36. Bf5 Ra8 37. e5 Nc4 38. Kb4 Rxa2 39. Kxb5 Ne3 40. Rc6+ Kb8 41. Be6 Rb2+ 42. Kc5 g5 43. Rb6+ Rxb6 44. Kxb6 Bf8 45. c4 Bb4 46. c5 Bc3 47. c6 Bxd4+ 48. Kb5 Bxe5 49. Kb6 Bd4+ 50. Kb5 Kc7 51. Bd7 Kd6 52. Bc8 Nd5 53. Kc4 Bf2 54. Kd3 Kxc6 55. Ke4 Kd6 56. Bb7 Nf4 57. Kf5 Bh4 58. Kg4 Ke5 59. Ba8 Kd4 60. Bb7 Ke3 61. Ba6 Kf2 62. Bc8 Kg2 0-1

[Event "Lvov Ukrainian Chess Warriors"]
[Site "Lvov"]
[Date "2024.03.15"]
[Round "2"]
[White "Mikhaletz, Lubomir"]
[Black "Rushynets, Ivan"]
[Result "1-0"]
[WhiteElo "2278"]
[BlackElo "1852"]
[PlyCount "85"]
[EventDate "2024.03.15"]
[EventType "swiss (rapid)"]
[EventRounds "8"]
[EventCountry "UKR"]
[SourceTitle "CB12_2024"]
[SourceDate "2023.10.01"]
[SourceVersion "1"]
[SourceVersionDate "2023.10.01"]
[SourceQuality "1"]

1. d4 c6 2. Nf3 d5 3. c4 Nf6 4. g3 Bf5 5. Qb3 Qb6 6. Nc3 Qxb3 7. axb3 e6 8. c5 Nbd7 9. b4 a6 10. b5 cxb5 11. Nxb5 0-0-0 12. Bf4 Nb8 13. Ne5 axb5 14. Nxf7 Be7 15. Ra8 Nfd7 16. e4 Bxe4 17. Bxb5 e5 18. Nxe5 g5 19. c6 gxf4 20. cxd7+ Kc7 21. f3 Bf5 22. Nf7 Nxd7 23. Rxd8 Rxd8 24. Nxd8 Kxd8 25. g4 Bg6 26. h4 Nb6 27. Ke2 Nc4 28. b3 Nd6 29. Bd3 Bxd3+ 30. Kxd3 Bf6 31. Rc1 Kd7 32. Rc5 Bxh4 33. Rxd5 h6 34. Ra5 Kc6 35. b4 b6 36. d5+ Kb7 37. Ra1 Kc7 38. Ra7+ Kd8 39. Rh7 Bg5 40. Kd4 Nc8 41. Ke5 Ne7 42. d6 Nd5 43. Kxd5 1-0

[Event "Brody Bryvka Memorial"]
[Site "Brody"]
[Date "2023.12.17"]
[Round "9"]
[White "Kokhno, Olexandr"]
[Black "Mikhaletz, Lubomir"]
[Result "1/2-1/2"]
[WhiteElo "2063"]
[BlackElo "2116"]
[PlyCount "61"]
[EventDate "2023.12.17"]
[EventType "swiss"]
[EventRounds "9"]
[EventCountry "UKR"]
[SourceTitle "CB51_2023"]
[SourceDate "2023.12.20"]
[SourceVersion "1"]
[SourceVersionDate "2023.12.20"]
[SourceQuality "1"]

1. e4 Nc6 2. Nf3 d6 3. Bb5 Nf6 4. Nc3 a6 5. Bxc6+ bxc6 6. h3 c5 7. 0-0 e5 8. d3 h6 9. Nd2 g5 10. Nc4 Be6 11. Ne3 Qd7 12. Ned5 Nxd5 13. Nxd5 Bxd5 14. exd5 f5 15. Qh5+ Qf7 16. Qxf7+ Kxf7 17. Bd2 Bg7 18. Rab1 c6 19. dxc6 d5 20. b4 Rhc8 21. bxc5 Rxc6 22. Rb7+ Kg8 23. Bb4 Bf8 24. Rb1 Rac8 25. Kf1 Bxc5 26. Bxc5 Rxc5 27. R1b6 R5c6 28. Rxc6 Rxc6 29. Rb2 Kf7 30. Ke1 Ke6 31. Kd2 1/2-1/2

[Event "Brody Bryvka Memorial"]
[Site "Brody"]
[Date "2023.12.17"]
[Round "4"]
[White "Mikhaletz, Lubomir"]
[Black "Danylyuk, Oles"]
[Result "1-0"]
[WhiteElo "2116"]
[BlackElo "1896"]
[PlyCount "47"]
[EventDate "2023.12.17"]
[EventType "swiss"]
[EventRounds "9"]
[EventCountry "UKR"]
[SourceTitle "CB51_2023"]
[SourceDate "2023.12.20"]
[SourceVersion "1"]
[SourceVersionDate "2023.12.20"]
[SourceQuality "1"]

1. d4 d5 2. Nf3 Nf6 3. Bg5 c6 4. Nbd2 Bf5 5. e3 Nbd7 6. h3 e6 7. g4 Bg6 8. Ne5 Be7 9. Nxg6 hxg6 10. Bf4 a6 11. c3 c5 12. a4 Rc8 13. a5 c4 14. b3 cxb3 15. Qxb3 Nxg4 16. Qxb7 Rxc3 17. Bxa6 e5 18. dxe5 Ndxe5 19. Bb5+ Kf8 20. a6 Bc5 21. a7 Bxa7 22. Rxa7 Rc8 23. Ke2 Rb8 24. Qc7 1-0

[Event "Brody Bryvka Memorial"]
[Site "Brody"]
[Date "2023.12.17"]
[Round "2"]
[White "Mikhaletz, Lubomir"]
[Black "Koval, Taras"]
[Result "1-0"]
[WhiteElo "2116"]
[BlackElo "1842"]
[PlyCount "47"]
[EventDate "2023.12.17"]
[EventType "swiss"]
[EventRounds "9"]
[EventCountry "UKR"]
[SourceTitle "CB51_2023"]
[SourceDate "2023.12.20"]
[SourceVersion "1"]
[SourceVersionDate "2023.12.20"]
[SourceQuality "1"]

1. d4 d5 2. Nf3 Nf6 3. Bg5 e6 4. Nbd2 Be7 5. e3 0-0 6. Bd3 c5 7. c3 Nbd7 8. Qc2 a5 9. a4 b6 10. Ne5 h6 11. h4 Nxe5 12. dxe5 Ng4 13. Nf3 f6 14. Bf4 fxe5 15. Nxe5 Nxe5 16. Bxe5 Bxh4 17. Bh7+ Kh8 18. Bxg7+ Kxg7 19. Qg6+ Kh8 20. Qxh6 Qg5 21. Qxf8+ Kxh7 22. g3 Qg7 23. Rxh4+ Kg6 24. Rg4+ 1-0

[Event "Brody Bryvka Memorial"]
[Site "Brody"]
[Date "2023.12.17"]
[Round "6"]
[White "Mikhaletz, Lubomir"]
[Black "Moisiiuk, Andrii"]
[Result "1-0"]
[WhiteElo "2116"]
[BlackElo "1958"]
[PlyCount "73"]
[EventDate "2023.12.17"]
[EventType "swiss"]
[EventRounds "9"]
[EventCountry "UKR"]
[SourceTitle "CB51_2023"]
[SourceDate "2023.12.20"]
[SourceVersion "1"]
[SourceVersionDate "2023.12.20"]
[SourceQuality "1"]

1. d4 Nf6 2. Bg5 Ne4 3. Bh4 d5 4. f3 Nf6 5. Nc3 e6 6. e4 Be7 7. Qd3 dxe4 8. fxe4 Nc6 9. 0-0-0 Nb4 10. Qf3 Nd7 11. Bxe7 Qxe7 12. Qg3 Nf6 13. e5 Nh5 14. Qe3 Nd5 15. Nxd5 exd5 16. Be2 g6 17. Bxh5 gxh5 18. Nh3 Bg4 19. Rdf1 0-0-0 20. Nf4 Rhg8 21. Rf2 c5 22. h3 Be6 23. Nxh5 cxd4 24. Qxd4 Qg5+ 25. Nf4 Kb8 26. b3 Rc8 27. Kb2 Rgd8 28. Re1 Rc6 29. Ree2 Qg3 30. Qd3 Qg5 31. Qxh7 d4 32. Nxe6 fxe6 33. Rf7 Rb6 34. Qg7 Qh5 35. Ref2 d3 36. Rf8 Rbd6 37. exd6 1-0

[Event "Lvov Buturina Memorial 3rd"]
[Site "Lvov"]
[Date "2023.11.17"]
[Round "5"]
[White "Shevchenko, Yaroslav"]
[Black "Mikhaletz, Lubomir"]
[Result "0-1"]
[WhiteElo "1750"]
[BlackElo "2298"]
[PlyCount "88"]
[EventDate "2023.11.16"]
[EventType "swiss"]
[EventRounds "9"]
[EventCountry "UKR"]
[SourceTitle "CB49_2023"]
[SourceDate "2023.12.06"]
[SourceVersion "1"]
[SourceVersionDate "2023.12.06"]
[SourceQuality "1"]

1. d4 d6 2. Nf3 Bg4 3. c4 Nd7 4. Nc3 e5 5. d5 g6 6. e4 Bxf3 7. Qxf3 Bh6 8. h4 Bxc1 9. Rxc1 Qf6 10. Qh3 Qf4 11. Rd1 h5 12. g3 Qh6 13. Nb5 Kd8 14. Bd3 Ngf6 15. 0-0 g5 16. b4 gxh4 17. Qxh4 Rg8 18. Be2 Qg5 19. Qxg5 Rxg5 20. Bf3 a6 21. Nc3 a5 22. a3 axb4 23. axb4 Ra3 24. Rd3 Nb6 25. Rfd1 Nxc4 26. Nb5 Rxd3 27. Rxd3 h4 28. Kg2 hxg3 29. fxg3 Ne8 30. Be2 f5 31. exf5 Nb6 32. Bf3 Nf6 33. Nc3 Rxf5 34. Rd1 Nc4 35. Rh1 Rg5 36. Rh6 Ke7 37. Ne4 Ne3+ 38. Kh3 Nxe4 39. Rh7+ Kf8 40. Bxe4 Rg7 41. Rh8+ Ke7 42. Kh4 Rg4+ 43. Kh3 Rxe4 44. Rh7+ Ke8 0-1

[Event "Morshyn All Ukranian 1st"]
[Site "Morshyn"]
[Date "2023.07.08"]
[Round "3"]
[White "Mikhaletz, Lubomir"]
[Black "Kislinsky, Alexey"]
[Result "1/2-1/2"]
[WhiteElo "2304"]
[BlackElo "2360"]
[PlyCount "104"]
[EventDate "2023.07.08"]
[EventType "swiss (rapid)"]
[EventRounds "9"]
[EventCountry "UKR"]
[SourceTitle "CBM 215 Extra"]
[Source "ChessBase"]
[SourceDate "2023.09.30"]
[SourceVersion "1"]
[SourceVersionDate "2023.09.30"]
[SourceQuality "1"]

1. d4 Nf6 2. Nf3 g6 3. Bg5 Bg7 4. Nbd2 h6 5. Bh4 0-0 6. e3 d6 7. c3 Qe8 8. Bc4 e5 9. dxe5 dxe5 10. Bxf6 Bxf6 11. e4 Nd7 12. b4 a5 13. a3 Qe7 14. Bb3 Rd8 15. 0-0 Nf8 16. Qe2 Ne6 17. Bxe6 Bxe6 18. Nc4 Bd7 19. Nxa5 b6 20. Nb3 Ra4 21. Qb2 Rda8 22. c4 Bc6 23. Nbd2 h5 24. Rfe1 Qe6 25. Re3 g5 26. Rd3 g4 27. Ne1 Bg5 28. f3 Qh6 29. Nf1 h4 30. Rad1 Re8 31. Qb3 b5 32. c5 h3 33. fxg4 hxg2 34. Ng3 Bf4 35. Nxg2 Bxg3 36. Rxg3 Bxe4 37. Qe3 Qxe3+ 38. Rxe3 Bc6 39. Nh4 Rea8 40. Nf5 Kf8 41. Rxe5 Rxa3 42. Nd4 Bf3 43. Nxf3 Rxf3 44. Rf5 Rxf5 45. gxf5 Ke7 46. c6 Ra4 47. Rd4 Kf6 48. Kf2 Kxf5 49. Rd5+ Ke6 50. Rxb5 Kd6 51. Rf5 Rxb4 52. Rxf7 Ke5 1/2-1/2

[Event "Morshyn All Ukranian 1st"]
[Site "Morshyn"]
[Date "2023.07.08"]
[Round "4"]
[White "Sokhor, Nazar"]
[Black "Mikhaletz, Lubomir"]
[Result "1/2-1/2"]
[WhiteElo "1759"]
[BlackElo "2304"]
[PlyCount "99"]
[EventDate "2023.07.08"]
[EventType "swiss (rapid)"]
[EventRounds "9"]
[EventCountry "UKR"]
[SourceTitle "CBM 215 Extra"]
[Source "ChessBase"]
[SourceDate "2023.09.30"]
[SourceVersion "1"]
[SourceVersionDate "2023.09.30"]
[SourceQuality "1"]

1. d4 d6 2. e4 e5 3. dxe5 dxe5 4. Qxd8+ Kxd8 5. Be3 Be6 6. Nd2 Nd7 7. Bc4 Bd6 8. f3 Ke7 9. Ne2 Ngf6 10. 0-0-0 Bc5 11. Bxc5+ Nxc5 12. Bxe6 Nxe6 13. Nc4 Nd7 14. Rd2 f6 15. Rhd1 Rhd8 16. Ne3 Nb6 17. Nd5+ Kf7 18. Nxb6 axb6 19. Rxd8 Rxd8 20. Rxd8 Nxd8 21. Kd2 Ne6 22. Ke3 g6 23. g3 f5 24. f4 Kf6 25. b4 b5 26. c3 exf4+ 27. gxf4 fxe4 28. Kxe4 c6 29. Ng3 Nc7 30. f5 gxf5+ 31. Nxf5 Nd5 32. Nd6 Nxc3+ 33. Kd4 Nxa2 34. Kc5 h5 35. Nxb7 Kf5 36. Kxc6 Kg4 37. Nd6 Kh3 38. Kxb5 Kxh2 39. Ne4 h4 40. Kc4 Kg2 41. Ng5 Nxb4 42. Kxb4 Kg3 43. Kc3 Kf4 44. Nh3+ Kg4 45. Nf2+ Kg3 46. Ne4+ Kf3 47. Ng5+ Kg4 48. Ne4 Kf4 49. Nf2 Kf3 50. Nh3 1/2-1/2

[Event "Kiev Blitz Marathon"]
[Site "Kiev"]
[Date "2023.04.23"]
[Round "24"]
[White "Mikhaletz, Lubomir"]
[Black "Kazarin, Yuri"]
[Result "1/2-1/2"]
[WhiteElo "2304"]
[BlackElo "1799"]
[PlyCount "98"]
[EventDate "2023.04.22"]
[EventType "tourn (blitz)"]
[EventRounds "54"]
[EventCountry "UKR"]
[SourceTitle "CBM 213 Extra"]
[Source "ChessBase"]
[SourceDate "2023.05.31"]
[SourceVersion "1"]
[SourceVersionDate "2023.05.31"]
[SourceQuality "1"]

1. e4 e5 2. f4 d5 3. d4 exf4 4. exd5 Qh4+ 5. Kd2 Qf2+ 6. Qe2+ Qxe2+ 7. Kxe2 Nf6 8. c4 b5 9. Nc3 bxc4 10. Bxf4 Bd6 11. Be5 Nbd7 12. Nf3 Bb7 13. Kd2 Nxd5 14. Bxc4 Nxc3 15. bxc3 Bxf3 16. Bxd6 cxd6 17. Rhe1+ Kd8 18. gxf3 Rf8 19. a4 Rb8 20. Rab1 Rxb1 21. Rxb1 Kc7 22. a5 Nf6 23. a6 Rb8 24. Rxb8 Kxb8 25. Bxf7 d5 26. Ke3 Kc7 27. Kf4 Kd6 28. Kf5 Nd7 29. Be8 Nb6 30. Bb5 Nc8 31. h4 Ne7+ 32. Kg5 h6+ 33. Kh5 Ke6 34. Bd3 Kf6 35. Kg4 g6 36. Kf4 g5+ 37. hxg5+ hxg5+ 38. Kg4 Nc6 39. Bc2 Nd8 40. Bb3 Ke6 41. Kxg5 Kd6 42. Kf6 Nc6 43. f4 Na5 44. Ba2 Nc4 45. Bxc4 dxc4 46. f5 Kd7 47. Ke5 Ke7 48. Kd5 Kf6 49. Kxc4 Ke7 1/2-1/2

[Event "Kiev Blitz Marathon"]
[Site "Kiev"]
[Date "2023.04.23"]
[Round "54"]
[White "Mikhaletz, Lubomir"]
[Black "Khomenko, Pavlo"]
[Result "1-0"]
[WhiteElo "2304"]
[BlackElo "1638"]
[PlyCount "63"]
[EventDate "2023.04.22"]
[EventType "tourn (blitz)"]
[EventRounds "54"]
[EventCountry "UKR"]
[SourceTitle "CBM 213 Extra"]
[Source "ChessBase"]
[SourceDate "2023.05.31"]
[SourceVersion "1"]
[SourceVersionDate "2023.05.31"]
[SourceQuality "1"]

1. e4 e5 2. Bc4 Nf6 3. Nc3 c6 4. d4 exd4 5. Qxd4 d6 6. Bg5 Be7 7. 0-0-0 h6 8. Bh4 0-0 9. Nf3 Bg4 10. e5 dxe5 11. Qxd8 Bxd8 12. Rxd8 Rxd8 13. Nxe5 Be6 14. Bxe6 fxe6 15. Re1 Re8 16. g4 Nbd7 17. Bxf6 Nxf6 18. h4 Nd5 19. Ne4 Nf4 20. g5 h5 21. Nc5 b6 22. Ncd7 Rac8 23. c4 Ng2 24. Re4 Re7 25. c5 Rc7 26. Rd4 bxc5 27. Nxc5 Rc8 28. Rd6 Kh7 29. Nxe6 Rce8 30. g6+ Kh6 31. Ng5 Re6 32. Ngf7# 1-0

[Event "Lvov Buturina Memorial 2nd"]
[Site "Lvov"]
[Date "2022.11.18"]
[Round "2"]
[White "Mikhaletz, Lubomir"]
[Black "Karpinets, Andrian"]
[Result "1-0"]
[WhiteElo "2307"]
[BlackElo "1370"]
[PlyCount "87"]
[EventDate "2022.11.18"]
[EventType "swiss (rapid)"]
[EventRounds "9"]
[EventCountry "UKR"]
[SourceTitle "CBM 212 Extra"]
[Source "ChessBase"]
[SourceDate "2023.03.31"]
[SourceVersion "1"]
[SourceVersionDate "2023.03.31"]
[SourceQuality "1"]

1. e4 c5 2. Nf3 Nc6 3. d4 cxd4 4. Nxd4 e5 5. Nb5 d6 6. N1c3 a6 7. Na3 b5 8. Nd5 Nge7 9. c4 Nd4 10. Nxe7 Bxe7 11. Bd3 0-0 12. 0-0 Bd7 13. Be3 Bg5 14. Bxd4 exd4 15. cxb5 axb5 16. Nxb5 Qb6 17. a4 g6 18. b4 Rfc8 19. Qb3 Be6 20. Qb2 Bf6 21. Rfc1 Rxc1+ 22. Qxc1 Rc8 23. Qf4 Be5 24. Qd2 d5 25. Rc1 Rxc1+ 26. Qxc1 dxe4 27. Bxe4 Qa6 28. Qc2 Bd7 29. Bd3 Qe6 30. g3 Bc6 31. Be4 Bxb5 32. axb5 Qb6 33. Qc5 Bc7 34. Bd5 Bd8 35. Qc6 Kf8 36. Kg2 Qc7 37. Qc5+ Kg8 38. Qxd4 Qb6 39. Qc5 Kg7 40. Bc6 Qc7 41. h4 Be7 42. b6 Qd6 43. b7 Qc7 44. b8Q 1-0

[Event "Vinnytsia Winter IM"]
[Site "Vinnytsia"]
[Date "2022.01.06"]
[Round "8"]
[White "Mikhaletz, Lubomir"]
[Black "Domalchuk Jonasson, Aleksandr"]
[Result "1/2-1/2"]
[WhiteElo "2329"]
[BlackElo "2137"]
[PlyCount "108"]
[EventDate "2022.01.02"]
[EventType "tourn"]
[EventRounds "9"]
[EventCountry "UKR"]
[SourceTitle "EXT 2023"]
[Source "ChessBase"]
[SourceDate "2022.10.05"]
[SourceVersion "1"]
[SourceVersionDate "2022.10.05"]
[SourceQuality "1"]

1. e4 c5 2. Nf3 d6 3. d4 cxd4 4. Nxd4 Nf6 5. Nc3 Nc6 6. Bg5 Bd7 7. Nb3 h6 8. Bxf6 gxf6 9. f4 h5 10. Qf3 Rc8 11. Qf2 Bg7 12. 0-0-0 f5 13. e5 Na5 14. Qxa7 Ra8 15. Qe3 Nxb3+ 16. cxb3 Qa5 17. Rd5 Qa7 18. Qxa7 Rxa7 19. Bb5 Bc6 20. Rhd1 0-0 21. exd6 e6 22. Rc5 Bxg2 23. d7 Raa8 24. Rg1 Bf3 25. Rg3 Bh1 26. Rh3 Bf6 27. Rxh5 Bg2 28. Na4 Rfd8 29. Rc7 Kg7 30. h4 Ra5 31. Rc5 Bf3 32. Rg5+ Bxg5 33. hxg5 Kf8 34. b4 Rxb5 35. Rxb5 Bc6 36. Ra5 Rxd7 37. b5 Bg2 38. Nc3 f6 39. gxf6 Kf7 40. Ra8 Kxf6 41. Rg8 Bf3 42. Rg3 Bg4 43. Rg2 Rd4 44. Rf2 e5 45. fxe5+ Kxe5 46. Rd2 Rf4 47. Rd5+ Ke6 48. Rd8 Rf1+ 49. Kd2 f4 50. Re8+ Kf5 51. Rf8+ Ke5 52. Re8+ Kf5 53. Rf8+ Ke5 54. Re8+ Kf5 1/2-1/2

[Event "Vinnytsia Winter IM"]
[Site "Vinnytsia"]
[Date "2022.01.02"]
[Round "1"]
[White "Mikhaletz, Lubomir"]
[Black "Bilych, Olexiy"]
[Result "1/2-1/2"]
[WhiteElo "2329"]
[BlackElo "2348"]
[PlyCount "70"]
[EventDate "2022.01.02"]
[EventType "tourn"]
[EventRounds "9"]
[EventCountry "UKR"]
[SourceTitle "EXT 2023"]
[Source "ChessBase"]
[SourceDate "2022.10.05"]
[SourceVersion "1"]
[SourceVersionDate "2022.10.05"]
[SourceQuality "1"]

1. e4 c5 2. Nf3 d6 3. d4 cxd4 4. Nxd4 Nf6 5. Nc3 a6 6. Qd3 Nbd7 7. Nb3 e6 8. Bf4 Qc7 9. 0-0-0 Ne5 10. Qd4 Be7 11. Bg3 0-0 12. f4 Nc6 13. Qe3 b5 14. Bd3 Nb4 15. e5 dxe5 16. fxe5 Nfd5 17. Nxd5 Nxd5 18. Qf3 Bb7 19. Be4 a5 20. Nd4 a4 21. Nf5 Bg5+ 22. Kb1 Nc3+ 23. bxc3 Bxe4 24. Qxe4 exf5 25. Qxf5 Qxc3 26. Be1 Qe3 27. Bd2 Qxd2 28. Rxd2 Bxd2 29. Rd1 Bc3 30. a3 Rae8 31. Rd5 Re7 32. Rc5 Bd4 33. Rd5 Bc3 34. Rc5 Bd4 35. Rd5 Bc3 1/2-1/2